<The> Age of Diminished Expectations U.S. Economic Policy in the 1990s
Salvato in:
| Autore principale: | |
|---|---|
| Natura: | Libro |
| Lingua: | inglese |
| Pubblicazione: |
Cambridge
The MIT Press
1995
|
| Edizione: | Rev. and updat. ed., 3. print. |
| Soggetti: | |
| Tags: |
Nessun Tag, puoi essere il primo ad aggiungerne!!
|
MARC
| LEADER | 00000nam a2200000 4500 | ||
|---|---|---|---|
| 001 | c014780 | ||
| 005 | 20221205132726.2 | ||
| 020 | |a 0-262-61092-2 | ||
| 041 | 0 | |a eng | |
| 044 | |a US | ||
| 245 | 1 | 0 | |a <The> Age of Diminished Expectations |b U.S. Economic Policy in the 1990s |c Paul Krugman |
| 250 | |a Rev. and updat. ed., 3. print. | ||
| 264 | 1 | |a Cambridge |b The MIT Press |c 1995 | |
| 300 | |a 239 s. | ||
| 610 | 2 | 0 | |a politika hospodárska |
| 610 | 2 | 0 | |a situácia hospodárska |
| 610 | 2 | 0 | |a prognózy hospodárske |
| 100 | 1 | |a Krugman, Paul | |